书目信息 |
| 题名: |
中国古代科学
|
|
| 作者: | 李约瑟 著 ;李彦 译 | |
| 分册: | ||
| 出版信息: | 上海 上海书店出版社 2001.01 |
|
| 页数: | 171页, [1] 叶图版 | |
| 开本: | 20cm | |
| 丛书名: | ||
| 单 册: | ||
| 中图分类: | N092 | |
| 科图分类: | ||
| 主题词: | 自然科学史--zi ran ke xue shi--中国--古代 | |
| 电子资源: | ||
| ISBN: | 7-80622-651-6 | |
| 000 | 01048nam0 2200289 450 | |
| 001 | 012007377693 | |
| 005 | 20071108181048.63 | |
| 010 | @a7-80622-651-6@dCNY16.00 | |
| 100 | @a20071108d2001 km y0chiy0120 ea | |
| 101 | 1 | @achi@ceng |
| 102 | @aCN@b310000 | |
| 105 | @aaf a 000yy | |
| 106 | @ar | |
| 200 | 1 | @a中国古代科学@Azhong guo gu dai ke xue@f李约瑟著@Fli yue se zhu@g李彦译@Gli yan yi |
| 210 | @a上海@c上海书店出版社@c世纪出版集团@d2001.01 | |
| 215 | @a171页, [1] 叶图版@c图@d20cm | |
| 306 | @a本书原由香港中文大学出版社出版。 | |
| 312 | @a英文并列题名取自版权页。 | |
| 320 | @a有书目。 | |
| 330 | @a全书共五章,除控索古代中国科学与欧洲古代科学的情况外,亦介绍了道家炼丹术的发展,以及与火药、火器、医药等发展的关联。 | |
| 500 | 10 | @aScience in traditional China,a comparative@mChinese |
| 606 | 0 | @a自然科学史@Azi ran ke xue shi@y中国@z古代 |
| 690 | @aN092@v4 | |
| 701 | 1 | @a李约瑟@Ali yue se@g(Needham, Joseph),@f1900-1995@4著 |
| 702 | 0 | @a李彦@Ali yan@4译 |
| 801 | 0 | @aCN@b@c20071108 |
| 905 | @b264880-82@dN092@eL326@f3 | |
| 中国古代科学/李约瑟著/李彦译.-上海:上海书店出版社:世纪出版集团,2001.01 |
| 171页, [1] 叶图版:图;20cm |
| ISBN 7-80622-651-6:CNY16.00 |
| 全书共五章,除控索古代中国科学与欧洲古代科学的情况外,亦介绍了道家炼丹术的发展,以及与火药、火器、医药等发展的关联。 |
| ● |
| 相关链接 |
|
|
|
正题名:中国古代科学
索取号:N092/L326
 
预约/预借
| 序号 | 登录号 | 条形码 | 馆藏地/架位号 | 状态 | 备注 |
| 1 | 264880 | 202648803 | 自科库401/401自科库 138排1列1层/ [索取号:N092/L326] | 在馆 | |
| 2 | 264881 | 202648812 | 期刊室512/401自科库 135排1列6层/ [索取号:N092/L326] | 在馆 | |
| 3 | 264882 | 202648821 | 期刊室512/401自科库 135排1列6层/ [索取号:N092/L326] | 在馆 |